CHEMISTRY OF NATURAL PRODUCTS (Record no. 33099)

000 -LEADER
fixed length control field 00364nam a2200145Ia 4500
008 - FIXED-LENGTH DATA ELEMENTS--GENERAL INFORMATION
fixed length control field 210215s9999 xx 000 0 und d
020 ## - INTERNATIONAL STANDARD BOOK NUMBER
International Standard Book Number 9788123918747
082 ## - DEWEY DECIMAL CLASSIFICATION NUMBER
Classification number 615.5
Item number KAR-C
100 ## - MAIN ENTRY--PERSONAL NAME
Personal name KAR ASHUTOSH
245 #0 - TITLE STATEMENT
Title CHEMISTRY OF NATURAL PRODUCTS
250 ## - EDITION STATEMENT
Edition statement 1ST
260 ## - PUBLICATION, DISTRIBUTION, ETC.
Name of publisher, distributor, etc. CBS PUBLISERS & DISTRIBUTORS
Date of publication, distribution, etc. 2020
300 ## - PHYSICAL DESCRIPTION
Extent VII-XVIII 501
942 ## - ADDED ENTRY ELEMENTS (KOHA)
Koha item type Book
Holdings
Withdrawn status Lost status Damaged status Not for loan Collection code Permanent Location Current Location Shelving location Date acquired Cost, normal purchase price Full call number Barcode Date last seen Price effective from Koha item type Total Checkouts Date last checked out
          Maharishi School of Pharmaceutical Science (Lucknow) Maharishi School of Pharmaceutical Science (Lucknow) R2S3 2021-02-15 495.00 615.5 SOPH453 2021-02-15 2021-02-15 Reference Book    
          Maharishi School of Pharmaceutical Science (Lucknow) Maharishi School of Pharmaceutical Science (Lucknow) R16S4 2021-02-15 495.00 615.321 KAR-C SOPH454 2025-01-16 2021-02-15 Book 1 2025-01-06

All Rights Reserved@MUIT

Powered by Koha